000
00286 a2200145 4500
001
173339
020
_a
040
_c
Magnum
100
_a
Málus
240
1
0
_a
Quintino, o girino
_l
por
245
1
0
_a
Quintino, o girino
362
0
_a
1899
697
_a
I/PARADIDATICO
942
_c
BK
999
_c
173339
_d
173339